000 02930cam a22012134i 4500
003 PE-LiUPU
005 20250813185400.0
008 150623s r 000 0 d
020 _a9972755096
035 _a(Sirsi) i9789972755095
040 _aPE-LiUPU
_bspa
_cPE-LiUPU
_erda
049 _aPRUA
082 0 4 _a330.85
_bW35
_221
100 1 _aWebb, Richard ,
_d1937-,
_eautor.
245 1 4 _aUna economía muy peruana :
_bensayos sobre economía y sociedad /
_cRichard Webb.
264 1 _aLima :
_bFondo Editorial del Congreso del Perú,
_c1999.
300 _a301 páginas :
_bilustraciones, cuadros ;
_c20 cm.
336 _atext
_2rdacontent
337 _aunmediated
_2rdamedia
338 _avolume
_2rdacarrier
505 0 _aEstado y sociead en el Perú. -Política y macroeconomía en el Perú, 1980-1985. -Cultura y economía.
526 _aP202
526 _aP201
526 _aP163
526 _aP162
526 _aP161
526 _aP160
526 _aP148
526 _aP147
526 _aP146
526 _aP145
526 _aP144
526 _aP143
526 _aP142
526 _aP141
526 _aP140
526 _aP139
526 _aP138
526 _aP137
526 _aP136
526 _aP135
526 _aP134
526 _aP133
526 _aP129
526 _aP128
526 _aP127
526 _aP120
526 _aP119
526 _aP118
526 _aP116
526 _aP115
526 _aP114
526 _aP110
526 _aP109
526 _aP108
526 _aP104
526 _aP103
526 _aP102
526 _aP99
526 _aP98
526 _aP97
526 _aP96
526 _aP95
526 _aP93
526 _aP90
526 _aP89
526 _aP88
526 _aP83
526 _aP82
526 _aP62
526 _aP59
526 _aP58
526 _aP57
526 _aP51
526 _aP49
526 _aP48
526 _aP47
526 _aP29
526 _aP24
526 _aP20
526 _aP19
526 _aP17
526 _aP15
526 _aP14
526 _aP12
526 _aP10
526 _aP09
526 _aP08
526 _aP07
526 _aP06
526 _aP05
526 _aP04
526 _aP01
650 1 4 _aEconomía
_zPerú
_y1980-1985
_vEnsayos, conferencias, etc.
650 1 4 _aEconomía
_zPerú
_y1980-1985.
650 2 4 _aSociología Urbana
_zPerú.
650 2 4 _aPobreza
_zPerú.
942 _2ddc
_cBOOK
949 _a330.85 W35
_wDEWEY
_c1
_i50514
_lCCODEBUL1
_mBUL
_r0
_sY
_tBOOK
_u2015-6-24
_xFCE
_zUNKNOWN
_0COMPRA
_o.STAFF. Colección General
994 _aC0
_bPEPRU
596 _a1
999 _a328.365 85 G22
_wDEWEY
_c23057
_i46279
_f2021-11-5
_g5
_lCCODEBUL1
_mBUL
_r0
_sY
_tBOOK
_u2015-6-24
_xBIBLIOTECA
_zUNKNOWN
_0COMPRA
_o.STAFF. Colección General
_d23057
980 _81
_gALBERTO SANCHEZ Responsable de Automatización